000 00811nam a2200253Ia 4500
003 OSt
005 20221005112902.0
006 a|||||r|||| 00| 0
007 ta
008 221004b |||||||| |||| 00| 0 pan d
020 _a9788176504652 (hbk)
_c175
024 _a26842
037 _b1003, 31/12/2015, H.K. Prakashan
_cTextual
040 _aCRL
_cCRL
_bpan
041 _2pan
_apan
082 _aO153,3NLAx, Q5
100 _aਲਾਲ, ਰੰਗੀ
245 0 _aਕਿੱਸਾ ਤੋਤਾ ਮੈਨਾ
260 _aਦਿੱਲੀ
_bਸਟਾਰ ਭਾਰਤ
_c2015
300 _a160ਪੰ
_ccm.
650 _aਪੰਜਾਬੀ ਸਾਹਿਤ
942 _hO153,3NLAx, Q5
_cTEXL
_2cc
999 _c1026315
_d1026315